LEADER 03639nam 2200517Ia 450
001 9910453198603321
005 20200520144314.0
010 $a0-87420-240-X
035 $a(CKB)2550000001133237
035 $a(EBL)1032776
035 $a(OCoLC)297853931
035 $a(MiAaPQ)EBC1032776
035 $a(Au-PeEL)EBL1032776
035 $a(CaPaEBR)ebr10605656
035 $a(CaONFJC)MIL532946
035 $a(EXLCZ)992550000001133237
100 $a20051214d2006 uy 0
101 0 $aeng
135 $aur|n|---|||||
200 10$aBreaking the development logjam$b[electronic resource] $enew strategies for building community support /$fDouglas R. Porter
210 $aWashington, D.C. $cULI-the Urban Land Institute$dc2006
215 $a1 online resource (129 p.)
300 $aDescription based upon print version of record.
311 $a0-87420-956-0
311 $a1-306-01695-9
320 $aIncludes bibliographical references.
327 $aFront Cover; Copyright; Acknowledgments; Preface; Contents; I. Making Room at the Table: The Need for Community Engagement; The Overlooked Market for Development; Staying Alive: The Vital Role of Community Engagement; Tailoring Approaches for Community Engagement; Types of Engagement Processes; Giving Is Receiving: Developers as Participants; Consultants: Enough Bang for the Buck?; II. Crafting a Strategy for Community Engagement; Homing In on the Approach; Frame the Desired Outcome: Begin at the End; Evaluate Site Conditions and Potential Project Impacts; Know the Parties at Interest
327 $aIdentify Community Attitudes and ExpectationsIII. Making It Happen: Achieving Community Acceptance; Setting Up the Engagement Process; Identifying an Official Convener; Determining Appropriate Types of Events; Managing Events; Structuring the Sequence of Events; Defining Roles of Participants; IV. Communicating the What, Where, and When; Building a Communications Strategy; In-House Published Information; Informative Events; Outside Publications; V. The Means of Participation; Tools for Engaging Participants; Graphic Representation; Three-Dimensional Models; Group Mapping Exercises
327 $aKeypad PollingImage Surveys; Digital Photo Simulation; Visualization Tools; Computer-Aided Interactive Discussions; VI. Case Studies of Community Engagement Processes for Planning and Development; Crawford Square, Pittsburgh, Pennsylvania; Eastern Cambridge Planning Study, Cambridge, Massachusetts; Hellgate Meadows, Missoula, Montana; North St. Lucie County, Florida, Comprehensive Plan Charrette; Pleasant Hill BART Station, California; Rolling Mill Hill, Nashville, Tennessee; Village at Empire Pass Ski Resort, Park City, Utah; VII. Conclusions; Back Cover
330 $a
This book explains in plain terms how developers and planners can involve the community in the development process using the latest community engagement tools. It describes why, in these days of more complex projects and development approval procedures, it pays to win citizen support rather than fight opposition.
606 $aCity planning$xCitizen participation
606 $aCommunity development
606 $aSustainable development
608 $aElectronic books.
615 0$aCity planning$xCitizen participation.
615 0$aCommunity development.
615 0$aSustainable development.
676 $a307.12160973
700 $aPorter$b Douglas R$0949016
801 0$bMiAaPQ
801 1$bMiAaPQ
801 2$bMiAaPQ
906 $aBOOK
912 $a9910453198603321
996 $aBreaking the development logjam$92270427
997 $aUNINA
LEADER 02648oas 2201057 a 450
001 9910134068503321
005 20251106213014.0
011 $a1616-7228
035 $a(DE-599)ZDB2063267-8
035 $a(DE-599)2063267-8
035 $a(OCoLC)48193245
035 $a(CONSER) 2001233899
035 $a(CKB)111025029846002
035 $a(EXLCZ)99111025029846002
100 $a20011023a20019999 sy
101 0 $aeng
135 $aurcnu||||||||
181 $ctxt$2rdacontent
182 $cc$2rdamedia
183 $acr$2rdacarrier
200 00$aOcean dynamics
210 $aBerlin, Germany $cSpringer
300 $aRefereed/Peer-reviewed
300 $a"Theoretical, computational and observational oceanography"--Journal homepage.
311 08$a1616-7341
606 $aHydrography$vPeriodicals
606 $aOceanography$vPeriodicals
606 $aMarine meteorology$vPeriodicals
606 $aHydrographie$vPe?riodiques
606 $aOce?anographie$vPe?riodiques
606 $aMe?te?orologie maritime$vPe?riodiques
606 $aOceanography$2ebps
606 $aSurveying & Surveyors$2ebps
606 $aHydrography$2fast$3(OCoLC)fst00965102
606 $aMarine meteorology$2fast$3(OCoLC)fst01009724
606 $aOceanography$2fast$3(OCoLC)fst01043671
606 $aOceanografie$2gtt
608 $aPeriodicals.$2fast
608 $aPeriodicals.$2lcgft
615 0$aHydrography
615 0$aOceanography
615 0$aMarine meteorology
615 6$aHydrographie
615 6$aOce?anographie
615 6$aMe?te?orologie maritime
615 7$aOceanography.
615 7$aSurveying & Surveyors.
615 7$aHydrography.
615 7$aMarine meteorology.
615 7$aOceanography.
615 17$aOceanografie.
676 $a526.99
712 02$aSpringer (Firm),
801 0$bABC
801 1$bABC
801 2$bTJC
801 2$bGUA
801 2$bOCLCQ
801 2$bMUQ
801 2$bCGU
801 2$bOCL
801 2$bOCLCQ
801 2$bUKMGB
801 2$bMYG
801 2$bOCLCQ
801 2$bOCLCF
801 2$bVT2
801 2$bOCLCQ
801 2$bGUA
801 2$bW2U
801 2$bAZU
801 2$bFJM
801 2$bOCLCE
801 2$bUAB
801 2$bUKBOL
801 2$bWT2
801 2$bOCLCQ
801 2$bAU@
801 2$bDLC
801 2$bNJT
801 2$bOCLCQ
801 2$bSRU
801 2$bUBY
801 2$bOCLCO
801 2$bOCLCQ
801 2$bOCLCL
801 2$bOCLCQ
906 $aJOURNAL
912 $a9910134068503321
996 $aOcean dynamics$91212016
997 $aUNINA